[Event "CUB-ch sf"]
[Site "Villa Clara"]
[Date "1995.??.??"]
[Round "5"]
[White "Alonso Garcia, Rene Marcial"]
[Black "Gavilanes, Antonio"]
[Result "1-0"]
[WhiteElo "2410"]
[BlackElo "2275"]
[PlyCount "63"]
[EventDate "1995.??.??"]
[EventType "swiss"]
[EventRounds "9"]
[EventCountry "CUB"]
[SourceTitle "EXT 1997"]
[Source "ChessBase"]
[SourceDate "1996.11.15"]
[SourceVersion "1"]
[SourceVersionDate "1996.11.15"]
[SourceQuality "1"]

1. d4 Nf6 2. c4 c5 3. Nf3 g6 4. g3 Bg7 5. Bg2 0-0 6. 0-0 Nc6 7. Nc3 d6 8. d5 Na5 9. Nd2 a6 10. Qc2 Rb8 11. b3 b5 12. Bb2 e5 13. Rae1 Bh6 14. f4 exf4 15. gxf4 Nh5 16. e3 f5 17. Nd1 Bd7 18. Nf2 bxc4 19. bxc4 Ba4 20. Qc1 Qb6 21. Bc3 Bg7 22. Bxg7 Nxg7 23. Nd3 Nb7 24. Bf3 Qa5 25. Rf2 Bd7 26. Nf1 Nd8 27. h4 Nf7 28. Rg2 Nh6 29. h5 Rf6 30. Ng3 Rbf8 31. e4 fxe4 32. Nxe4 1-0

[Event "CUB-ch"]
[Site "Holguin"]
[Date "1991.??.??"]
[Round "2"]
[White "Gavilanes, Antonio"]
[Black "Larduet Despaigne, Carlos"]
[Result "1/2-1/2"]
[WhiteElo "2270"]
[BlackElo "2315"]
[PlyCount "57"]
[EventDate "1991.10.??"]
[EventType "swiss"]
[EventRounds "11"]
[EventCountry "CUB"]
[SourceTitle "EXT 1999"]
[Source "ChessBase"]
[SourceDate "1998.11.16"]
[SourceVersion "1"]
[SourceVersionDate "1998.11.16"]
[SourceQuality "1"]

1. e4 c5 2. Nf3 Nc6 3. d4 cxd4 4. Nxd4 Nf6 5. Nc3 d6 6. Bc4 Qb6 7. Nb3 e6 8. 0-0 Be7 9. Be3 Qc7 10. f4 a6 11. a4 b6 12. Qe2 0-0 13. g4 Nb4 14. Bd3 Re8 15. g5 Nd7 16. Qh5 Bf8 17. Rf3 g6 18. Qh4 Bg7 19. Rh3 Nf8 20. Rf1 Nxd3 21. cxd3 Bxc3 22. bxc3 Qxc3 23. Bd4 Qxb3 24. Bf6 h5 25. Qg4 Qxd3 26. Rxh5 Qe3+ 27. Rf2 Qe1+ 28. Rf1 Qe3+ 29. Rf2 1/2-1/2

[Event "CUB-ch"]
[Site "Holguin"]
[Date "1991.??.??"]
[Round "11"]
[White "Gonzalez Zamora, Juan Carlos"]
[Black "Gavilanes, Antonio"]
[Result "1-0"]
[WhiteElo "2375"]
[BlackElo "2270"]
[PlyCount "83"]
[EventDate "1991.10.??"]
[EventType "swiss"]
[EventRounds "11"]
[EventCountry "CUB"]
[SourceTitle "EXT 1999"]
[Source "ChessBase"]
[SourceDate "1998.11.16"]
[SourceVersion "1"]
[SourceVersionDate "1998.11.16"]
[SourceQuality "1"]

1. d4 Nf6 2. c4 g6 3. Nc3 Bg7 4. e4 0-0 5. Nf3 d6 6. Be2 e5 7. Be3 Ng4 8. Bg5 f6 9. Bh4 g5 10. Bg3 Nh6 11. dxe5 dxe5 12. h3 Nc6 13. 0-0 Be6 14. c5 Qe7 15. Nd5 Qf7 16. Qa4 Rfd8 17. Bb5 a6 18. Bxc6 bxc6 19. Nc3 Qe8 20. Rfd1 Rdb8 21. Qc2 a5 22. Nd2 Qe7 23. f3 Qxc5+ 24. Bf2 Qb4 25. Na4 Qb5 26. b3 Bf8 27. Rac1 Rd8 28. Bc5 Bxc5+ 29. Nxc5 Bf7 30. Nf1 Rd4 31. Nd7 Rxd1 32. Rxd1 a4 33. Nxf6+ Kg7 34. Ng4 Nxg4 35. hxg4 axb3 36. axb3 Qxb3 37. Qxb3 Bxb3 38. Rd7+ Kg6 39. Rxc7 Ra6 40. Ng3 Bf7 41. Nf5 Kf6 42. Kh2 1-0

[Event "CUB-ch"]
[Site "Holguin"]
[Date "1991.??.??"]
[Round "4"]
[White "Pecorelli Garcia, Humberto"]
[Black "Gavilanes, Antonio"]
[Result "1-0"]
[WhiteElo "2390"]
[BlackElo "2270"]
[PlyCount "86"]
[EventDate "1991.10.??"]
[EventType "swiss"]
[EventRounds "11"]
[EventCountry "CUB"]
[SourceTitle "EXT 1999"]
[Source "ChessBase"]
[SourceDate "1998.11.16"]
[SourceVersion "1"]
[SourceVersionDate "1998.11.16"]
[SourceQuality "1"]

1. d4 Nf6 2. Nf3 g6 3. c4 c5 4. Nc3 cxd4 5. Nxd4 d6 6. g3 Nc6 7. Bg2 Nxd4 8. Qxd4 Bg7 9. 0-0 0-0 10. Bd2 Be6 11. Qd3 Nd7 12. b3 Nc5 13. Qe3 a5 14. Rac1 Bd7 15. Rfd1 Bc6 16. Nd5 Bxd5 17. Bxd5 e6 18. Bf3 Qb6 19. Rb1 Qa6 20. h4 Rac8 21. a4 b6 22. h5 d5 23. cxd5 exd5 24. hxg6 hxg6 25. Bxd5 Rce8 26. Bc4 Rxe3 27. Bxa6 Rxb3 28. Rxb3 Nxb3 29. Be3 Nc5 30. Bb5 Be5 31. Bg5 Kg7 32. Be7 Rb8 33. Bd6 Bxd6 34. Rxd6 Kf8 35. Rc6 Rb7 36. Rc8+ Ke7 37. e4 Kd6 38. f3 Ke5 39. Rd8 Rc7 40. Kf2 Nb7 41. f4+ Ke6 42. Rb8 Kd6 43. e5+ Kc5 1-0

[Event "CUB-ch"]
[Site "Holguin"]
[Date "1991.??.??"]
[Round "7"]
[White "Perez Garcia, Rodney Oscar"]
[Black "Gavilanes, Antonio"]
[Result "1-0"]
[WhiteElo "2265"]
[BlackElo "2270"]
[PlyCount "73"]
[EventDate "1991.10.??"]
[EventType "swiss"]
[EventRounds "11"]
[EventCountry "CUB"]
[SourceTitle "EXT 1999"]
[Source "ChessBase"]
[SourceDate "1998.11.16"]
[SourceVersion "1"]
[SourceVersionDate "1998.11.16"]
[SourceQuality "1"]

1. e4 e5 2. Nf3 Nc6 3. Bc4 Nf6 4. d3 Be7 5. c3 0-0 6. Bb3 d6 7. 0-0 Bg4 8. Nbd2 Nd7 9. h3 Bh5 10. Re1 Nc5 11. Bc2 Ne6 12. Nf1 Ng5 13. Bxg5 Bxg5 14. Ng3 Bxf3 15. Qxf3 d5 16. Rad1 g6 17. Ba4 Nb8 18. d4 Qe7 19. Qd3 c6 20. Nf1 Nd7 21. Bc2 Rfd8 22. Ne3 a5 23. g3 Rab8 24. h4 Bh6 25. Kg2 Nb6 26. h5 a4 27. b3 a3 28. Ng4 Bg7 29. Qe3 gxh5 30. Nh6+ Bxh6 31. Qxh6 Qe6 32. Qxh5 Qg6 33. Qh4 Nd7 34. b4 c5 35. dxe5 dxe4 36. bxc5 Rbc8 37. Rd6 1-0

[Event "CUB-ch"]
[Site "St Spiritus"]
[Date "1989.??.??"]
[Round "5"]
[White "Gavilanes, Antonio"]
[Black "Diaz Diaz, Joaquin Carlos"]
[Result "1-0"]
[WhiteElo "2225"]
[BlackElo "2430"]
[PlyCount "65"]
[EventDate "1989.??.??"]
[EventType "swiss"]
[EventRounds "11"]
[EventCountry "CUB"]
[SourceTitle "EXT 1997"]
[Source "ChessBase"]
[SourceDate "1996.11.15"]
[SourceVersion "1"]
[SourceVersionDate "1996.11.15"]
[SourceQuality "1"]

1. e4 c5 2. Nf3 d6 3. d4 cxd4 4. Nxd4 Nf6 5. Nc3 g6 6. Be3 Bg7 7. f3 0-0 8. Bc4 Nc6 9. Qd2 Bd7 10. 0-0-0 Ne5 11. Bb3 Rc8 12. g4 Nc4 13. Bxc4 Rxc4 14. Kb1 Qa5 15. g5 Nh5 16. Nd5 Qd8 17. Ne2 e6 18. Ndc3 d5 19. exd5 Qa5 20. Nd4 Rfc8 21. Rhe1 exd5 22. Nb3 Qa6 23. Bd4 Be6 24. Bxg7 Nxg7 25. Nxd5 Bxd5 26. Qxd5 Ne6 27. c3 Rf4 28. Qd7 Rc7 29. Qe8+ Kg7 30. Nd4 Qa5 31. Rxe6 Rxd4 32. Rxd4 fxe6 33. Rd8 1-0

[Event "CUB-ch"]
[Site "St Spiritus"]
[Date "1989.??.??"]
[Round "3"]
[White "Gavilanes, Antonio"]
[Black "Pecorelli Garcia, Humberto"]
[Result "1-0"]
[WhiteElo "2225"]
[BlackElo "2325"]
[PlyCount "91"]
[EventDate "1989.??.??"]
[EventType "swiss"]
[EventRounds "11"]
[EventCountry "CUB"]
[SourceTitle "EXT 1997"]
[Source "ChessBase"]
[SourceDate "1996.11.15"]
[SourceVersion "1"]
[SourceVersionDate "1996.11.15"]
[SourceQuality "1"]

1. e4 e6 2. d4 d5 3. Nc3 Bb4 4. e5 Ne7 5. a3 Bxc3+ 6. bxc3 c5 7. h4 Qc7 8. Nf3 b6 9. h5 h6 10. Bb5+ Bd7 11. Bd3 Ba4 12. 0-0 Nbc6 13. Rb1 c4 14. Be2 0-0-0 15. Nh4 f6 16. exf6 gxf6 17. Bg4 f5 18. Bh3 Kb7 19. Re1 e5 20. Nxf5 Nxf5 21. Bxf5 e4 22. f3 Qg3 23. Re3 Rhg8 24. Qe2 Ne7 25. Be6 Rg7 26. fxe4 Qd6 27. exd5 Nxd5 28. Bxd5+ Qxd5 29. Re5 Qd6 30. Re6 Qd5 31. Bxh6 Rg3 32. Re5 Qg8 33. Re7+ Rd7 34. Qe4+ Ka6 35. Rxd7 Bxd7 36. Bf4 Rg4 37. d5 Kb7 38. Rf1 Qc8 39. Qe7 Ka6 40. Be5 Bf5 41. Bd4 Re4 42. Qf7 Bg4 43. h6 Be2 44. h7 Rxd4 45. cxd4 Bxf1 46. Qg8 1-0

[Event "CUB-ch"]
[Site "St Spiritus"]
[Date "1989.??.??"]
[Round "1"]
[White "Gavilanes, Antonio"]
[Black "Sariego Figueredo, Wilfredo"]
[Result "0-1"]
[WhiteElo "2225"]
[BlackElo "2380"]
[PlyCount "84"]
[EventDate "1989.??.??"]
[EventType "swiss"]
[EventRounds "11"]
[EventCountry "CUB"]
[SourceTitle "EXT 1997"]
[Source "ChessBase"]
[SourceDate "1996.11.15"]
[SourceVersion "1"]
[SourceVersionDate "1996.11.15"]
[SourceQuality "1"]

1. e4 d5 2. exd5 Nf6 3. c4 c6 4. Nc3 cxd5 5. d4 e6 6. Nf3 Bb4 7. cxd5 exd5 8. Bb5+ Bd7 9. Bxd7+ Nbxd7 10. 0-0 0-0 11. Qb3 Bxc3 12. bxc3 Qc7 13. Bg5 Rfc8 14. Rac1 Qd6 15. Bxf6 Nxf6 16. c4 dxc4 17. Rxc4 Rxc4 18. Qxc4 Qd5 19. Rc1 Qxc4 20. Rxc4 Nd5 21. g3 f6 22. Ne1 Rd8 23. Nc2 Kf7 24. Ne3 Ke6 25. Kf1 Rd6 26. Nxd5 Rxd5 27. a4 Kd7 28. Ke2 Rd6 29. Rb4 Kc7 30. a5 Rd5 31. Rc4+ Kb8 32. Ra4 Rb5 33. h4 Kc7 34. a6 Rb2+ 35. Ke3 b5 36. Ra1 Kb6 37. Rc1 Rb3+ 38. Ke4 Rb4 39. Kd5 Kxa6 40. Rc7 Rc4 41. Rxg7 Rc8 42. Re7 b4 0-1

[Event "CUB-ch"]
[Site "St Spiritus"]
[Date "1989.??.??"]
[Round "4"]
[White "Rodriguez Cespedes, Amador"]
[Black "Gavilanes, Antonio"]
[Result "1-0"]
[WhiteElo "2515"]
[BlackElo "2225"]
[PlyCount "35"]
[EventDate "1989.??.??"]
[EventType "swiss"]
[EventRounds "11"]
[EventCountry "CUB"]
[SourceTitle "EXT 1997"]
[Source "ChessBase"]
[SourceDate "1996.11.15"]
[SourceVersion "1"]
[SourceVersionDate "1996.11.15"]
[SourceQuality "1"]

1. e4 c5 2. Nf3 Nc6 3. d4 cxd4 4. Nxd4 Nf6 5. Nc3 e5 6. Ndb5 d6 7. Bg5 a6 8. Na3 b5 9. Bxf6 gxf6 10. Nd5 f5 11. Bd3 Be6 12. 0-0 f4 13. c4 Rg8 14. f3 Nd4 15. Kh1 Rg6 16. cxb5 Bg7 17. bxa6 Kf8 18. Qe1 1-0

[Event "CUB-ch"]
[Site "St Spiritus"]
[Date "1989.??.??"]
[Round "10"]
[White "Vera Gonzalez Quevedo, Reynaldo"]
[Black "Gavilanes, Antonio"]
[Result "1/2-1/2"]
[WhiteElo "2470"]
[BlackElo "2225"]
[PlyCount "40"]
[EventDate "1989.??.??"]
[EventType "swiss"]
[EventRounds "11"]
[EventCountry "CUB"]
[SourceTitle "EXT 1997"]
[Source "ChessBase"]
[SourceDate "1996.11.15"]
[SourceVersion "1"]
[SourceVersionDate "1996.11.15"]
[SourceQuality "1"]

1. d4 Nf6 2. c4 c5 3. d5 b5 4. cxb5 a6 5. bxa6 Bxa6 6. Nc3 g6 7. f4 Bg7 8. Nf3 0-0 9. e4 Bxf1 10. Rxf1 d6 11. e5 Ne8 12. Qe2 Nc7 13. Qe4 Nd7 14. Kf2 Qb8 15. Kg1 Qb7 16. exd6 exd6 17. Qe7 Nf6 18. Qxd6 Nfxd5 19. Nxd5 Nxd5 20. Qxc5 Rfe8 1/2-1/2